000 00354nam a2200145Ia 4500
999 _c5933
_d5933
008 191201s2014 xx 000 0 und d
082 _a005.82
_bSTC
100 _aSTALLINGS, William
245 0 _aCryptography and Network Security
250 _aImp
260 _aN. delhi
_bpearson
_c2014
300 _a660
650 _aB.Tech(CSE)
942 _2ddc
_cBK
_06